UBT Library

Biological science (Record no. 44269)

000 -LEADER
fixed length control field 00596cam a2200229 4500
001 - CONTROL NUMBER
control field 4110025
005 - DATE AND TIME OF LATEST TRANSACTION
control field 20180307043320.0
008 - FIXED-LENGTH DATA ELEMENTS--GENERAL INFORMATION
fixed length control field 720512s1972 nyua b 001 0 eng
010 ## - LIBRARY OF CONGRESS CONTROL NUMBER
LC control number 75177443
020 ## - INTERNATIONAL STANDARD BOOK NUMBER
International Standard Book Number 0393093875
040 ## - CATALOGING SOURCE
Original cataloging agency DLC
Transcribing agency DLC
Modifying agency DLC
041 ## - LANGUAGE CODE
Language code of text/sound track or separate title eng
080 ## - UNIVERSAL DECIMAL CLASSIFICATION NUMBER
Universal Decimal Classification number 574 KEE
082 00 - DEWEY DECIMAL CLASSIFICATION NUMBER
Classification number 574 KEE
100 1# - Rafti
Rafti 11
101 ## - Shkurtesa
Shkurtesa BIO
245 10 - TITLE STATEMENT
Title Biological science
Statement of responsibility, etc [by] William T. Keeton. Illustrated by Paula Di Santo Bensadoun.
350 ## - PRICE (NR) (BK AM CF MU VM SE) [OBSOLETE]
Price $11.75
504 ## - BIBLIOGRAPHY, ETC. NOTE
Bibliography, etc Includes bibliographies.
906 ## - LOCAL DATA ELEMENT F, LDF (RLIN)
a 7
b cbc
c orignew
d 2
e ncip
f 19
g y-gencatlg
942 ## - ADDED ENTRY ELEMENTS (KOHA)
Source of classification or shelving scheme
Item type Books
Holdings
Withdrawn status Lost status Source of classification or shelving scheme Damaged status Not for loan Collection code Permanent location Current location Shelving location Date acquired Total Checkouts Full call number Barcode Date last seen Price effective from Koha item type
          Koleksioni i përgjithshem UBT - Lipjan UBT - Lipjan Koleksioni i përgjithshem 03/07/2018   574 KEE 002-3000943 03/07/2018 03/07/2018 Books
UBT Library © 2015-2024. All rights reserved University Education for Business and Technology